000 00483nam a22001817a 4500
003 CEME
005 20210628202709.0
008 210203b xxu||||| |||| 00| 0 eng d
020 _a0-13--658536-1
040 _c.
082 _a604.2 GIE
100 _aGiesecke, Frederick E Mitchell, Alva
_961131
245 _aEngineering drawing, problem series 1
260 _aNEW JERSEY
_bPRENTICE HALL
_c1997
300 _aV,130P
650 _aDRAWING-ENGINEERING
_961132
942 _cBK
_2ddc
999 _c570685
_d570685